[Event "Oberliga Ost-B 2122"]
[Site "Germany"]
[Date "2022.04.03"]
[Round "11.8"]
[White "Hoeche, Richard"]
[Black "Allmann, Thorsten"]
[Result "0-1"]
[WhiteElo "1531"]
[BlackElo "2117"]
[PlyCount "72"]
[EventDate "2021.10.10"]
[EventType "team-tourn"]
[EventRounds "11"]
[EventCountry "GER"]
[SourceTitle "EXT 2023"]
[Source "ChessBase"]
[SourceDate "2022.10.05"]
[SourceVersion "1"]
[SourceVersionDate "2022.10.05"]
[SourceQuality "1"]
[WhiteTeam "Erfurt Empor"]
[BlackTeam "Griesheim"]
[WhiteTeamCountry "GER"]
[BlackTeamCountry "GER"]

1. e4 e6 2. Nc3 d5 3. Nf3 Nf6 4. e5 Nfd7 5. d4 a6 6. Bd3 Be7 7. Bf4 c5 8. dxc5 Nc6 9. a3 Nxc5 10. b4 Nxd3+ 11. Qxd3 Qc7 12. 0-0 Bd7 13. Rfc1 0-0 14. Ne2 Rac8 15. c4 dxc4 16. Qxc4 b5 17. Qe4 Qa7 18. Be3 Qa8 19. Bc5 Qb8 20. Ned4 Rfd8 21. h4 h6 22. Nb3 Be8 23. Rd1 Rxd1+ 24. Rxd1 Rd8 25. Rd3 Rxd3 26. Qxd3 Bxc5 27. Nxc5 a5 28. Qd6 Qa8 29. Nd7 Bxd7 30. Qxd7 axb4 31. axb4 Nxb4 32. Qxb5 Nd5 33. Qc4 Qa1+ 34. Kh2 Qa7 35. Kg3 Ne7 36. Nd4 Qxd4 0-1

[Event "Hessenliga 1921"]
[Site "Hessen"]
[Date "2019.10.27"]
[Round "2.8"]
[White "Allmann, Thorsten"]
[Black "Reinhard, Stefan"]
[Result "1-0"]
[WhiteElo "2117"]
[BlackElo "1986"]
[PlyCount "67"]
[EventDate "2019.09.22"]
[EventType "team-tourn"]
[EventRounds "9"]
[EventCountry "GER"]
[SourceTitle "EXT 2024"]
[Source "ChessBase"]
[SourceDate "2023.10.10"]
[SourceVersion "1"]
[SourceVersionDate "2023.10.10"]
[SourceQuality "1"]
[WhiteTeam "Griesheim II"]
[BlackTeam "Dettingen"]
[WhiteTeamCountry "GER"]
[BlackTeamCountry "GER"]

1. Nf3 Nf6 2. g3 d5 3. Bg2 Nbd7 4. d4 Nb6 5. b3 e6 6. Bb2 a5 7. 0-0 a4 8. Qc1 Be7 9. c4 0-0 10. c5 Nbd7 11. Nc3 axb3 12. axb3 Rxa1 13. Qxa1 c6 14. b4 Ne8 15. b5 Ndf6 16. bxc6 bxc6 17. Ne5 Qc7 18. Qa4 Bb7 19. Qb4 Nd7 20. Nxd7 Qxd7 21. Ra1 Nf6 22. Ra7 Rb8 23. Bc1 Nh5 24. g4 g5 25. gxh5 Bf6 26. h4 h6 27. hxg5 hxg5 28. e4 Qc8 29. e5 Bd8 30. Qa3 f5 31. exf6 Bxf6 32. Ne2 Ra8 33. Rxa8 Bxa8 34. Qg3 1-0

[Event "Hessenliga 1415"]
[Site "Hessen"]
[Date "2015.03.22"]
[Round "8.6"]
[White "Allmann, Thorsten"]
[Black "Hanemann, Ingo"]
[Result "0-1"]
[WhiteElo "2118"]
[BlackElo "2188"]
[PlyCount "48"]
[EventDate "2014.09.28"]
[EventType "team-tourn"]
[EventRounds "9"]
[EventCountry "GER"]
[SourceTitle "EXT 2016"]
[Source "ChessBase"]
[SourceDate "2015.10.08"]
[SourceVersion "1"]
[SourceVersionDate "2015.10.08"]
[SourceQuality "1"]
[WhiteTeam "Griesheim II"]
[BlackTeam "Bad Homburg"]
[WhiteTeamCountry "GER"]
[BlackTeamCountry "GER"]

1. Nf3 Nf6 2. g3 g6 3. Bg2 Bg7 4. 0-0 0-0 5. d4 d5 6. b3 c6 7. Bb2 Ne4 8. Nbd2 f5 9. c4 e6 10. e3 Nd7 11. Ne1 Qa5 12. Ndf3 b5 13. cxb5 cxb5 14. Nd3 Bb7 15. Qe1 Qb6 16. Ba3 Rfc8 17. Nd2 Qa6 18. Nxe4 dxe4 19. Nc5 Qxa3 20. Nxd7 Rc2 21. Nc5 Bd5 22. f3 Qb2 23. Bh1 exf3 24. Nd3 Rg2+ 0-1